Culture Générale - Clic Quiz - La réponse est un oiseau - Statistiques

Statistiques générales
  • Ce quiz a été pris 205 fois
  • Le résultat moyen est 14 sur 20
Statistiques - réponses
Hint Réponse % Correct
Maître dans la fable avec le Renard de Jean de La Fontaine. Corbeau
97%
A son Lac dans le titre d'un célèbre ballet Cygne
94%
Petit fouet à plusieurs lanières Martinet
93%
Politique pratiqué quand on refuse de voir le danger Autruche
91%
Personne sotte et ignorante : "Triple ..." Buse
90%
Auteur-compositeur-interprète de R'n'B canadien d'origine rwandaise qui a connu le succès en chantant "Parce qu'on vient de loin" en 2003 Corneille
88%
Pichu dans Les Mystérieuses Cités d'Or, Blu le personnage principal du film d'animation Rio ou encore Iago dans Aladdin Perroquet
88%
Noir dans la chanson de Barbara parue en 1970 Aigle
84%
A fait le printemps dans le nom du Film de 2001 avec Michel Serrault et Mathilde Seigner Hirondelle
83%
Compléte le nom de la chanson chantée au concours de l'Eurovision en 1980 pour le Luxembourg et reprise par le groupe Pigloo en 2006 : "Papa ..." Pingouin
82%
Nom d'anciens papes, le XII est mort en 1958 Pie
78%
Compléte ce proverbe danois : "Où le cadavre est, là les ...s s'assemblent. Vautour
78%
Disque d'argile servant de cible au balltrap Pigeon
55%
Nom (au pluriel) de la Franchise de Basket-ball de NBA de La Nouvelle Orléans succédant aux Hornets en 2013 Pélican
47%
Frère de Daryl Dixon dans la série TV The Walking Dead Merle
46%
Performance rare au Golf quand un Trou est réalisé trois coups sous le par désigné Albatros
43%
Un des noms que l'on peut donner à un habitant d'Avranches, Granville ou encore La Hague Manchot
39%
Désigne aussi une Personne légère, inconsidérée Etourneau
38%
Surnom donné par certains médias à Jonathan Edwards (détenteur du record du monde du triple saut (18,29 m, 1995) Goéland
29%
Variante du backgammon se jouant à trois joueurs ou plus Chouette
16%
Aucun quiz correspondant
Distribution des résultats
% des personnes avec chaque résultat
Percentile par nombre de réponses
Votre historique - résultats
Vous n’avez pas pris ce quiz